Les implantations francaises a l'étranger.
Francúzsko má v zahraničí asi 10 tis. filiálok podnikov a zamestnáva v nich 1,8 mln pracovníkov, najmä v EHS. Ich geografické rozloženie, prítomnosť v Afrike a Latinskej Amerike. To svedčí o rastúcej internacionalizácii francúzskych podnikov. Väčšina ľudí pracuje vo výrobných podnikoch. Rastúce fran...
Enregistré dans:
| Format: | Chapitre de livre |
|---|---|
| Langue: | français |
| Sujets: | |
| Tags: |
Pas de tags, Soyez le premier à ajouter un tag!
|
MARC
| LEADER | 00000naa a2200000 4500 | ||
|---|---|---|---|
| 001 | r008563 | ||
| 005 | 20220913125049.0 | ||
| 041 | 0 | |a fre | |
| 044 | |a FR | ||
| 245 | 1 | 0 | |a Les implantations francaises a l'étranger. |
| 520 | |a Francúzsko má v zahraničí asi 10 tis. filiálok podnikov a zamestnáva v nich 1,8 mln pracovníkov, najmä v EHS. Ich geografické rozloženie, prítomnosť v Afrike a Latinskej Amerike. To svedčí o rastúcej internacionalizácii francúzskych podnikov. Väčšina ľudí pracuje vo výrobných podnikoch. Rastúce francúzske investície. Význam filiálok. (DREE-Résultats 1992, č.6). | ||
| 610 | 2 | 0 | |a podnikanie v zahraničí |
| 610 | 2 | 0 | |a Francúzsko |
| 610 | 2 | 0 | |a filiálky |
| 610 | 2 | 0 | |a podnik medzinárodný |
| 610 | 2 | 0 | |a investície zahraničné |
| 610 | 2 | 0 | |a Latinská Amerika |